The concept of non-international armed conflict in international humanitarian law / (Record no. 620296)

MARC details
000 -LEADER
fixed length control field 00728cam a22002174a 4500
008 - FIXED-LENGTH DATA ELEMENTS--GENERAL INFORMATION
fixed length control field 100804s2010 enk b 001 0 eng
020 ## - INTERNATIONAL STANDARD BOOK NUMBER
ISBN 9780521760485
Paper back/Hardbound hbk.
ISBN 9780521760485
Paper back/Hardbound hbk.
041 ## - LANGUAGE CODE
Language code of text/sound track or separate title eng
082 04 - DEWEY DECIMAL CLASSIFICATION NUMBER
Classification number 341.67 cul
100 1# - MAIN ENTRY--AUTHOR NAME
Personal name Cullen, Anthony,
245 14 - TITLE STATEMENT
Title The concept of non-international armed conflict in international humanitarian law /
Statement of responsibility, etc by Anthony Cullen.
260 ## - PUBLICATION, DISTRIBUTION, ETC. (IMPRINT)
Place of publication Cambridge :
Name of publisher Cambridge University Press,
Year of publication 2010.
300 ## - PHYSICAL DESCRIPTION
Number of Pages 219 p. ;
Dimensions 24 cm.
490 1# - SERIES STATEMENT
Series statement Cambridge studies in international and comparative law
504 ## - BIBLIOGRAPHY, ETC. NOTE
Bibliography, etc
650 #0 - SUBJECT ADDED ENTRY--TOPICAL TERM
Topical Term Humanitarian law.
Topical Term Civil war.
942 ## - ADDED ENTRY ELEMENTS (KOHA)
Koha item type English Books
Holdings
Withdrawn status Lost status Damaged status Not for loan Home library Current library Shelving location Date acquired Full call number Accession Number Price effective from Koha item type
        Anna Centenary Library Anna Centenary Library 4TH FLOOR, A WING 28.07.2010 341.67 CUL 99051 28.04.2026 English Books

Find us on the map